| 000 | 01293nam a2200361 i 4500 | ||
|---|---|---|---|
| 001 | DIGCERVAN0113 | ||
| 003 | NyNyDIG | ||
| 007 | cr ||||||||||| | ||
| 008 | 230825s2021 ag a o 000 0 spa d | ||
| 006 | m o d | ||
| 035 | _a(OCoLC)1395569771 | ||
| 040 |
_aDGITA _beng _erda _epn _cDGITA |
||
| 020 |
_a9789878813998 _qeBook |
||
| 043 |
_as-ag--- _as-cl--- |
||
| 050 | 1 | 4 | _aSF284.P32 ebook |
| 100 | 1 |
_aPiccini, Jorge, _eauthor. |
|
| 245 | 1 | 0 |
_aSeamos todos caballos : _bpelajes criollos en Patagonia / _cJorge Piccini. |
| 250 | _a1a ed. ilustrada. | ||
| 264 | 1 |
_a[San Carlos de Bariloche, Argentina] : _bEdiciones Bex, _c2021. |
|
| 300 |
_a1 online resource : _bcolor photographs. |
||
| 336 |
_atext _btxt _2rdacontent |
||
| 337 |
_acomputer _bc _2rdamedia |
||
| 338 |
_aonline resource _bcr _2rdacarrier |
||
| 347 |
_atext file _2rdaft |
||
| 347 | _bPDF | ||
| 588 | 0 | _aOnline resource; title from PDF title page (Digitalia, viewed August 25, 2023) | |
| 650 | 0 |
_aHorses _zPatagonia (Argentina and Chile) _vPictorial works. |
|
| 791 | 2 |
_aDigitalia (Firm), _edistributor. |
|
| 793 | 0 |
_gDigitalia eBook Collection: _aCervantes Digital |
|
| 856 | 4 | 0 |
_3Digitalia Hispánica _uhttps://www.digitaliapublishing.com/a/128790/ |
| 910 | _aPremium collection: 2023 | ||
| 942 | _cRAA | ||
| 999 |
_c279835 _d279835 |
||